1860 1070 1668 1060 1493 1653 1398 1005 1459 1046 1315 1485 1660 1196 1275 1536 1760 1124 1141 1939 1844 1379 1189 1968 1007 1771 1256 1844 1688 1671 1291 1098 1813 1479 1406 1590 1010 1491 1355 1849 1474 1685 1877 1646 1569 1527 1524 1912 1847 1292 1809 1503 1852 1019 1453 1569 1488 1656 1782 1929 1620 1211 1080 1481 1513 1180 1656 1141 1677 1715 1028 1055 1537 1882 1014 1670 1265 1778 1003 1273 1032 1838 1136 1196 1139 1944 1194 1685 1711 1050 1376 1359 1602 1988 1396 1120 1714 1117 1938 BCNSPRNW ULIB Ver.6.0+V

เปลี่ยนเป็นภาษาไทย

Change to English
 แสดงรายละเอียดบรรณานุกรม
  กลับหน้าหลัก

Brief Record : Get Marc (ISO 2709) : E-mail record : QR code < ปิดหน้าต่าง
LEADER : 00000nam 2200000uu 4500
001    13399111085
003     ULIB
008    110616s||||||||th 000 0 tha d
020    9789741641321
050  4 BF449^bจ212ค 2551
100 1  อาร์มสตรอง, จอห์น
245 10 ความลับในความรัก =^bConditions of love : the philosophy of intimacy /^cJohn Armstrong ; จิระนันท์ พิตรปรีชา : แปล
246 31 Conditions of love :^bthe philosophy of intimacy
250    พิมพ์ครั้งที่ 1
260    กรุงเทพฯ :^bฟรีฟอร์ม,^c2551
300    198 หน้า ;^c21 ซม.
650  7 ความรัก^xความเรียง
650  7 อารมณ์
650  7 ความรู้สึก
700 0  จิระนันท์ พิตรปรีชา;^eผู้แปล
700 1  Armstrong, John.^tConditions of love : the philosophy ofintimacy
710 1  ฟรีฟอร์ม
945    ^p198^l0^i024643
995    ทศพร
999 ^a ใช้งานได้ทุกระบบ
รายการนี้ยังไม่มีแท็ก
คุณยังไม่ได้ล็อกอิน คุณสามารถมีกิจกรรมร่วมกับเว็บไซต์ได้ แต่ต้องล็อกอินก่อน ::
  ล็อกอิน

รายการสื่อสารสนเทศ

ลำดับที่ ประเภท เลขเรียก/บาร์โค้ด สถานที่ สถานะ
- ไม่พบข้อมูล -

รายการใกล้เคียง
    หัวเรื่อง [อารมณ์]
    หัวเรื่อง [ความรู้สึก]

BibComment


ยังไม่เคยถูกคอมเมนท์

คอมเมนท์ทรัพยากรรายการนี้
  คอมเมนท์: ความลับในความรัก ..


 Copyright 2026. Bcnsprnw @Library